Slovensko na ceste za eurom

Menová únia - záverečná fáza ekonomického integračného procesu. Výhody a nevýhody vstupu do eurozóny. Programový a časový aspekt vstupu do Európskej menovej únie (EMÚ). Skúsenosti členov EMÚ z prístupového procesu.

Guardado en:
Detalles Bibliográficos
Autor principal: Kohútiková, Elena
Formato: Capítulo de libro
Lenguaje:eslovaco
Materias:
Etiquetas: Agregar Etiqueta
Sin Etiquetas, Sea el primero en etiquetar este registro!

MARC

LEADER 00000naa a2200000 4500
001 r048882
005 20220729111027.2
041 0 |a slo 
044 |a SK 
245 1 0 |a Slovensko na ceste za eurom  |c Elena Kohútiková 
520 |a Menová únia - záverečná fáza ekonomického integračného procesu. Výhody a nevýhody vstupu do eurozóny. Programový a časový aspekt vstupu do Európskej menovej únie (EMÚ). Skúsenosti členov EMÚ z prístupového procesu. 
610 2 0 |a únie menové 
610 2 0 |a euro 
610 2 0 |a Európska menová únia 
610 2 0 |a Slovensko 
610 2 0 |a integrácia menová 
610 2 0 |a politika menová 
610 2 0 |a konvergencia 
100 1 |a Kohútiková, Elena